zpět

Detail výsledku týmu

Limbo, Brno

Datum a čas kvízu

28 Celkem bodů Celkový počet nahraných bodů na tomto kvízu bez doplňovacích otázek.
4. Pořadí na kvízu Konečné umístění týmu na tomto kvízu.

Zaznamenané odpovědi

# Otázka Odpověď Body Výsledky
1. Minulý týden nastal poměrně vz... 9. 10. (2019) 1
2. Americká společnost Johnson &... narostla mu prsa 0
3. Známá australská zpěvačka se m... Natalie Imbruglia 0
4. Univerzita Karlova uzavřela pa... Home Credit 1
5. Fotbalová Zbrojovka Brno minul... SK Líšeň 1
6. Téma o Brazílii zvítězilo ve f... USA, Čína 0
7. Pokud bychom chtěli v říjnu 20... v Curychu 0
8. Tento světově proslulý brazils... Oscar Niemeyer 1
9. Především venkovská brazilská... maniok 0
10. Co se týče slavných osobností,... Adriana Lima 1